000 00421nam a2200157 a 4500
005 20140414093847.0
008 110304s19uu xx 00 eng d
020 _a9780731406845
050 _aCDR 909.08
_bAn2 2008
100 _aAnderson, Maureen
245 _aRetrospective :
_byear 11 modern history.
260 _aAustralia :
_bJohn Wiley And Sons,
_c2008.
650 _aHistory
942 _cAVM
999 _c109716
_d109716